000 00532nam a22001697a 4500
003 OSt
005 20260119143053.0
008 260119b |||||||| |||| 00| 0 eng d
040 _cMRSPTU
041 _aEnglish
100 _aBanty Kumar, Supervisor: Shaveta Rani
245 _aEnergy Efficient Resources Allocation and Optimization in Cloud Computing
260 _bDepartment of CSE, MRSPTU, Bathinda
_c2017
650 _aComputer Science
856 _uhttp://163.47.215.52:8080/jspui/handle/123456789/293
942 _2ddc
_cTH
_n0
999 _c10681
_d10681